| 000 | 00818cam a22002414a 4500 | ||
|---|---|---|---|
| 001 | 11898859 | ||
| 005 | 20180118045005.0 | ||
| 008 | 000128s2000 mdua b 001 0 eng | ||
| 010 | _a 00021493 | ||
| 020 | _a1878812572 | ||
| 040 |
_aDLC _cDLC _dDLC |
||
| 041 | _aeng | ||
| 042 | _apcc | ||
| 080 | _a362.1068 BEA | ||
| 082 | 0 | 0 |
_a362.1068 BEA _221 |
| 100 | 1 | _a3 | |
| 101 | _aSHM | ||
| 245 | 1 | 0 |
_aManaging health services organizations and systems / _cBeaufort B. Longest, Jr., Jonathon S. Rakich, Kurt Darr. |
| 504 | _aIncludes bibliographical references and indexes. | ||
| 906 |
_a7 _bcbc _corignew _d1 _eocip _f20 _gy-gencatlg |
||
| 942 |
_2ddc _cBK |
||
| 999 |
_c40446 _d40446 |
||